00478nam a2200145Ia 4500100003200000942000700032654001100039245005700050260003200107082001200139300000800151546001200159999001700171952014400188 aSchneider G.M & bruell S.C  cBK apascal aAdvanced programming and problem solving with pascal bJohn wileyaSingaporec1987 a005.13P a621 aENGLISH c32735d32735 001040708CRCaCRCEbCRCEd2023-03-17eProgressive Booksg239.25i2050 dt 12.08.92l0o005.13P p3761r2023-03-17v239.25w1992-08-12yBK